Регионална библиотека "Любен Каравелов" - Русе

Архимандрит Максим Райкович (Запис номер 342779)

MARC детайли
000 -Лидер
Контролно поле с фиксирана дължина 00945nam a2200277 c 4500
003 - Код на организацията, давaща контролен номер
Контролно поле BLK
005 - Дата и час на последна редакция
Контролно поле 20190913121209.0
008 - Елементи от данни с фиксирана дължина
fixed length control field 180911b bul|||||r ||||||| ||bul||
010 ## - Наследен системен номер
LC control number 002437
040 ## - Източник на каталожния запис
Идентификатор на билиотеката - собственик на записа BLK
041 ## - Код за език
Код за езика на текст/звукозапис или на отделно заглавие Български
080 ## - УДК
Текстов определител УДК Райкович, Максим
УДК определител 92
УДК - код + определител 949.72(092)92
100 1# - Редна дума - Автор
Автор СТРАТЕВ, Иван и др.
Авторска отговорност първи автор
245 00 - Сведения за заглавието
Заглавие Архимандрит Максим Райкович
246 ## - Различни форми на заглавието
Паралелно заглавие Живот и дейност
260 ## - Област на издателските данни
Място на издаване, разпространение и проч. Търново
Име на издателя, разпространителя и проч. печ. Н. М. Церовски
Година на издаване 1912
300 ## - Физическа характеристика
Страници 95 с
Размери/Мащаб 20 см
380 ## - Жанр
Жанр История
490 ## - СЕРИИ (Колекции)
Име на серия Частна колекция - Академик Михаил Арнаудов
Бележки за серията Дарение - Основен фонд
650 ## - Допълнително описание по предмет – тема
Основно описание – тема или топоним Биографии
655 ## - Ключова дума – жанр/разновидност
Данни за жанр/разновидност или ключова дума за фокус българска история
700 1# - Други автори (авторска отговорност)
Лично име Ив. Стратев
700 1# - Други автори (авторска отговорност)
Лично име В. Арнаудов
852 ## - Местоположение
Форматна сигнатура МА 2607
942 ## - АРТИКУЛИ
Вид на библиотечния материал Книги
Скрит в OPAC Не
944 ## - СЪЗДАВАНЕ И РЕДАКЦИЯ на ЗАПИСА
Създаване/Редакция Създаване
Дата на регистрацията/редакция 1997
Служител, извършил регистрацията/редакцията GGG
999 ## - СИСТЕМНИ КОНТРОЛНИ НОМЕРА
Koha biblionumber 342779
Koha biblioitemnumber 342779
Наличности
Код за отписване Код за изгубен артикул Източник на класификационната схема Код за повреда Коз за рестрикции Код за отдаване Артикулен № Име на библиотеката - собственик Име на библиотеката, в която се намира в момента Статус (Текущо местоположение) Местоположение - отдел Цена в лева Номерация (Хронология) Инвентарен номер Систематично азбучна сигнатура Баркод Номер на екземпляра Цена в евро Служебен тип на артикула
  Не е изгубен Universal Decimal Classification Не е повреден без рестрикции Специални фондове ( старопечатни, редки и ценни, фонд М. Арнаудов) 742913 Регионална библиотека "Любен Каравелов" Русе Регионална библиотека "Любен Каравелов" Русе Фонд "Михаил Арнаудов" Фонд "Михаил Арнаудов" 0.80   590975 МА 2607 120000590975 1 0.41 Книги
Vip Innovations Ltd, Rousse, Bulgaria 2025